000 00606nam a22002057a 4500
005 20130613150911.0
010 _aENG-107422
020 _a9788183163408
_c900.00
035 _aEN-90955
037 _bDBAD/PUB
082 _a370.1
100 _aAyodhya,P.
245 _aFoundations of education /
_cby P. Ayodhya [and] B.N.Dash
260 _aHyderabad
_bNeelkamal Publications
_c2012
270 _aSultan Bazar
_bHyderabad
_e500095
300 _axix,402p.
_c23cm(Hb)
500 _aIncludes bibliographical references and index
700 _dDash,B.N.
942 _2ddc
_cEN
_mAYO
_h3701
999 _c76280
_d76280